000 00874nam a2200193Ia 4500
008 0000001990 sp a 0000000000spa00
090 _aPSP00 J61
245 1 0 _aJoan Miró
_b: obras de 1916 a 1976
_c/ textos Jacques Dupin ... [et al.] ; traducción Andreu Rossinyol ; fotografías Juan Blázquez, Claude Mercier
300 _a[66] p.
_c/ 29 cm.
500 _aExposición realizada en Galería Theo, Madrid, Diciembre 1989 Enero 1990 \ Con el patronazgo del maestro venezolano Jesús Rafael Soto (q.e.p.d.)
600 0 0 _aMIRO, JOAN, 18931983/
_xTRABAJOS PICTORICOS
650 1 4 _aARTE CONTEMPORANEO ESPAÑOL
650 1 4 _xCATALOGOS
650 1 4 _xEXPOSICIONES
650 1 4 _aPINTORES ESPAÑOLES
650 1 4 _aPINTURA ESPAÑOLA
700 1 _aDupin, Jacques \ Rossinyol, Andreu, tr. \ Blasquez, Juan \ Mercier, Claude
999 _c4930
_d4930
260 _aMadrid : Theo
_c1990